000
00290nam a2200109Ia 4500
008
220216s9999 xx 000 0 und d
245
0
_a
Rubber Board of India
260
_b
Plantation Co-ordination Committee (PCC) Newsletter
_c
2016
300
_a
5-Apr
650
_a
Rubber Board
942
_c
JS
999
_c
67486
_d
67486